000 01209nam a2200289 i 4500
001 161734
003 ES-MaACL
005 20260427122812.0
007 ta
008 950206s1882 sp a |001 1 spa d
080 _a821.134.2-31"18"
100 1 _aPereda, José María de,
_d1833-1906
_990447
_eaut
245 1 3 _aEl sabor de la tierruca :
_bcopias del natural /
_cpor José María de Pereda ; ilustración de Apeles Mestres ; grabados de C. Verdaguer.
260 _aBarcelona :
_bDomenech,
_c1882 (
_fTipo-Lit. de C. Verdaguer)
300 _aVIII, 332 p., [8] h. de lám. :
_bil. ;
_c21 cm.
490 1 _aBiblioteca "Arte y letras"
530 _aDisponible en formato digital.
655 4 _aNovelas de costumbres
_9235110
700 1 _aMestres, Apeles,
_d1854-1936
_9140420
700 1 _aVerdaguer, Celestino.
_9171865
830 1 0 _aBiblioteca "Arte y letras"
_9180874
852 _aES-MaACL
_jB-720
_z- Enc. hol.
852 _aES-MaACL
_jDB-142
_9207231
_cDES
_gEn portada: Pablo Moreno Grau
_xEncuadernación cartoné
_hDonación: Jaime Eutiquio Moreno Barba
856 _uhttp://bdh-rd.bne.es/viewer.vm?id=0000185595&page=1
_zBiblioteca Digital Hispánica
942 _2udc
999 _c161734
_d161734